000 00284 a2200109 4500
001 ART_17818
005 20260410161700.0
008 260409a
245 1 0 _aConsumo
100 1 _aDueñas, Daniel E.
773 0 _tEnsayos Económicos
_g- Nº 33 (mar. 1985)
_wREV620
999 _c15121
_d15121